Unfinished empire : (Record no. 14476)

000 -LEADER
fixed length control field 01522cam a22003857a 4500
001 - CONTROL NUMBER
control field 17503596
005 - DATE AND TIME OF LATEST TRANSACTION
control field 20170105102856.0
008 - FIXED-LENGTH DATA ELEMENTS--GENERAL INFORMATION
fixed length control field 120911s2012 enkb b 001 0 eng d
010 ## - LIBRARY OF CONGRESS CONTROL NUMBER
LC control number 2012451492
015 ## - NATIONAL BIBLIOGRAPHY NUMBER
National bibliography number GBB247911
Source bnb
016 7# - NATIONAL BIBLIOGRAPHIC AGENCY CONTROL NUMBER
Record control number 016087132
Source Uk
020 ## - INTERNATIONAL STANDARD BOOK NUMBER
International Standard Book Number 9781846140884 (hbk.)
020 ## - INTERNATIONAL STANDARD BOOK NUMBER
International Standard Book Number 1846140889 (hbk.)
020 ## - INTERNATIONAL STANDARD BOOK NUMBER
International Standard Book Number 9781846146718 (ebook)
020 ## - INTERNATIONAL STANDARD BOOK NUMBER
International Standard Book Number 1846146712 (ebook)
035 ## - SYSTEM CONTROL NUMBER
System control number (OCoLC)ocn794136966
040 ## - CATALOGING SOURCE
Original cataloging agency UKMGB
Language of cataloging eng
Transcribing agency UKMGB
Modifying agency YDXCP
-- OCLCO
-- YNK
-- CDX
-- NZUPM
-- NDD
-- TOH
-- NGU
-- VP@
-- DLC
042 ## - AUTHENTICATION CODE
Authentication code lccopycat
050 00 - LIBRARY OF CONGRESS CALL NUMBER
Classification number DA16
Item number .D34 2012
082 04 - DEWEY DECIMAL CLASSIFICATION NUMBER
Classification number 909.0971241
Edition number 23
100 1# - MAIN ENTRY--PERSONAL NAME
Personal name Darwin, John.
245 10 - TITLE STATEMENT
Title Unfinished empire :
Remainder of title the global expansion of Britain /
Statement of responsibility, etc. John Darwin.
260 ## - PUBLICATION, DISTRIBUTION, ETC.
Place of publication, distribution, etc. London :
Name of publisher, distributor, etc. Allen Lane,
Date of publication, distribution, etc. 2012.
300 ## - PHYSICAL DESCRIPTION
Extent xiv, 478 p. :
Other physical details maps ;
Dimensions 24 cm.
504 ## - BIBLIOGRAPHY, ETC. NOTE
Bibliography, etc. note Includes bibliographical references and index.
505 0# - FORMATTED CONTENTS NOTE
Formatted contents note Imagining empire -- Making contact -- Taking possession -- Settling in -- Resorting to war -- Traffic and trade -- Ruling methods -- Acts of rebellion -- Converts and cultures -- Defending empire -- Ending empire -- The last and largest empire?
650 #7 - SUBJECT ADDED ENTRY--TOPICAL TERM
Topical term or geographic name entry element History
Source of heading or term eflch
651 #0 - SUBJECT ADDED ENTRY--GEOGRAPHIC NAME
Geographic name Great Britain
General subdivision Colonies
-- History.
651 #0 - SUBJECT ADDED ENTRY--GEOGRAPHIC NAME
Geographic name Great Britain
General subdivision History
Chronological subdivision 18th century.
651 #0 - SUBJECT ADDED ENTRY--GEOGRAPHIC NAME
Geographic name Great Britain
General subdivision History
Chronological subdivision 19th century.
651 #0 - SUBJECT ADDED ENTRY--GEOGRAPHIC NAME
Geographic name Commonwealth countries
General subdivision History.
906 ## - LOCAL DATA ELEMENT F, LDF (RLIN)
a 7
b cbc
c copycat
d 2
e ncip
f 20
g y-gencatlg
942 ## - ADDED ENTRY ELEMENTS (KOHA)
Source of classification or shelving scheme
Koha item type Book
Holdings
Withdrawn status Lost status Damaged status Not for loan Collection code Permanent Location Current Location Shelving location Date acquired Total Checkouts Full call number Barcode Date last seen Price effective from Koha item type
          Centre for International Peace & Stability (CIPS) Centre for International Peace & Stability (CIPS) General Stacks 09/02/2013   909.0971241 DAR 2012 CIPS0000822 09/02/2013 09/02/2013 Book
© 2023 Central Library, National University of Sciences and Technology. All Rights Reserved.